000 00893cam a22002651 4500
001 2988
003 FISKH
005 20240129140233.0
008 810221s1940 nyuaf j 000 1 eng
010 _a 39027943
035 _a(OCoLC)7146436
040 _aDLC
_cPPD
_dOCoLC
_dDLC
_beng
042 _apremarc
050 0 0 _aPZ9.S30
_bSi
082 _a823.91
100 1 _aSeredy, Kate.
245 1 4 _aThe singing tree /
_cwritten and illustrated by Kate Seredy.
250 _aThis edition published in 1965
260 _aNew York,
_bViking Press
_c1940.
300 _a216 pages :
_billustrations ;
_c19 cm
520 _aLife changes drastically for a Hungarian family when World War I upsets their peaceful, contented existence and the children are left in charge of the farm.
650 0 _aChildren
_zHungary.
906 _a7
_bcbc
_coclcrpl
_du
_encip
_f19
_gy-gencatlg
942 _2ddc
_cBK
_n0
999 _c2988
_d2988